| 000 | 00432nam a22001697a 4500 | ||
|---|---|---|---|
| 999 |
_c524492 _d524492 |
||
| 003 | NUST | ||
| 038 | _awaseem | ||
| 082 |
_a297.62 _bABD |
||
| 100 |
_aAbdul Rauf _915304 |
||
| 245 |
_aMahnama Khaiza / _cAbdul Rauf |
||
| 260 |
_aLahore : _bMalik Siraj-ud-Din, _cN.D. |
||
| 300 | _a392 p. ; | ||
| 500 | _aPaperback. | ||
| 880 |
_6100-01\r _aعبدالروف |
||
| 880 |
_6245-02\r _aماہنامہ گل خزاں / |
||
| 942 |
_2ddc _cBK |
||